| 000 | 00693nam a22002057a 4500 | ||
|---|---|---|---|
| 001 | 9022 | ||
| 003 | FISKH | ||
| 005 | 20251117104331.0 | ||
| 008 | 251114b cb ||||| |||| 00| 0 eng d | ||
| 020 | _a9788120758834 | ||
| 040 |
_aFISKH _beng _cFISKH _dFISKH |
||
| 082 | _a423.12 | ||
| 100 | _aSterling | ||
| 245 |
_aThe illustrated school thesaurus / _cBy Sterling |
||
| 260 |
_aNew Delhi : _bSterling Publishers, _c2011. |
||
| 300 |
_a94 pages : _bcolor illustrations ; _c28 cm . |
||
| 520 | _aA school thesaurus is a student-friendly reference book that lists synonyms (words with similar meanings) and antonyms (words with opposite meanings). | ||
| 942 |
_2ddc _cBK _n0 |
||
| 999 |
_c9022 _d9022 |
||